000 00311nam a22001337a 4500
008 170524b xxu||||| |||| 00| 0 eng d
020 _a0070221588
041 _aeng
080 _212TH
_a62
100 _a26
101 _aIM
245 _aENGINEERING DRAWING &GRAPHIC TECHNOLOGY
_cFRENCH,TH.E
942 _2udc
_cBK
999 _c14032
_d14032